A Dariganga vocabulary

Elmentve itt :
Bibliográfiai részletek
Szerző: Róna-Tas András
Dokumentumtípus: Cikk
Megjelent: Akadémiai Kiadó Budapest 1961
Sorozat:Acta Orientalia Academiae Scientiarum Hungaricae
Kulcsszavak:Mongol nyelv - nyelvjárás
Tárgyszavak:
Online Access:http://misc.bibl.u-szeged.hu/68281
LEADER 00798nab a2200229 i 4500
001 misc68281
005 20230713102859.0
008 220706s1961 hu o 0|| eng d
040 |a SZTE Miscellanea Repozitórium  |b hun 
041 |a eng 
041 |a mon 
100 2 |a Róna-Tas András 
245 1 2 |a A Dariganga vocabulary  |h [elektronikus dokumentum] /  |c  Róna-Tas András 
260 |a Akadémiai Kiadó  |b Budapest  |c 1961 
300 |a 147-174  |c 25 cm 
490 0 |a Acta Orientalia Academiae Scientiarum Hungaricae 
561 |a Németh Gyula hagyaték 
591 |a LOA 3185;NOA 5005;XKEK 1859;OA 7032 
650 4 |a Bölcsészettudományok 
650 4 |a Nyelvek és irodalom 
695 |a Mongol nyelv - nyelvjárás 
856 4 0 |u http://misc.bibl.u-szeged.hu/68281/1/5005_noa.pdf  |z Dokumentum-elérés